LEADER 00822nam a2200205 i 4500 001 000000165601 003 CaOOAMICUS 005 20071022000000.0 008 071022n it u000 u ita u 013 $a142969 040 $aSeMil$bita 245 10$aAtti del 4. Congresso Nazionale di Studi Manzoniani. 260 $a[S.l. :$bs.n.],$c[1959?]$e(Lecco :$fTip. L. Annoni,$g[1959?]) 300 $aXIX, 210 p. ;$c25 cm. 650 4$aManzoni, Alessandro <1785-1873> - Atti di congressi.$0(OLS)http://semarc/subject/15332 850 $aSeMil 852 $aSeMil$W1$xVenegono$y1$m1F VI 5$j116788$B116788$CSeMilBibl$Z2$F127725 $81 961 $aRecupero: Altro 996 $6245$aAtti del 4. Congresso Nazionale di Studi Manzoniani$9(OLS)http://semarc/title/236447 996 $6260$a[S.l. :$bs.n.]$9(OLS)http://semarc/publisher/29751 LEADER 01513nam a2200313 i 4500 001 000000120093 003 CaOOAMICUS 005 20241018095128.0 008 031112s1988 it u000 u ita u 020 $a88-204-2844-X 040 $aSeMil$bita 245 12$aI volti della povertà urbana /$ca cura di P. Guidicini e G. Pieretti. 264 1$aMilano :$bFranco Angeli,$c1988. 300 $a371 p. :$bill., tabelle, grafici ;$c22 cm. 490 0 $aCollana di sociologia urbana e rurale. Sezione 3., Povertà, sviluppo, intervento sociale ;$v6 500 $aCon appendice sugli strumenti d'indagine nella ricerca sulle antiche e nuove forme di povertà a Bologna 541 0 $aFondo Card. C.M. Martini 650 4$aPoveri - Assistenza - Bologna - 1979-1987.$0(OLS)http://semarc/subject/22585 700 1 $aPieretti, Giovanni.$0(OLS)http://semarc/name/50009 700 1 $aGuidicini, Paolo.$0(OLS)http://semarc/name/4069 830 0$aCollana di sociologia urbana e rurale. Sezione 3., Povertà, sviluppo, intervento sociale ;$v6.$0(OLS)http://semarc/title/15912 850 $aSeMil 852 $aSeMil$W1$xVenegono$y1$m3N III 653$j75300$B75300$CSeMilBibl$Z2$F85635 $81 941 1 $a4 961 $aOmaggio: Martini Card. Carlo Maria 996 $6020$a88-204-2844-X$9(OLS)http://semarc/number/105217 996 $6245$aI volti della povertà urbana$9(OLS)http://semarc/title/176668 996 $6264$aMilano :$bFranco Angeli$9(OLS)http://semarc/publisher/30369